Country per Double 'Sporcle' Letter Quiz Stats

Quiz Updated Apr 26, 2012

Challenge
Share
Tweet
Bonus: Name the only country containing double letters of a letter not in 'SPORCLE'.
Score 0/7 Timer 03:00
11 Plays Today
Double Letter Country % Correct
SSGuinea-Bissau, Russia
79.6%
CCMorocco
72.3%
PPPhilippines
66.7%
OOCameroon
62.5%
EEGreece
57%
RRAndorra, Sierra Leone
47%
LLMarshall Islands, Seychelles
39.1%

You're not logged in!

Compare scores with friends on all Sporcle quizzes.
Sign Up with Email
OR
Log In

You Might Also Like...

Show Comments

Extras

Top Quizzes Today


Score Distribution

Your Account Isn't Verified!

In order to create a playlist on Sporcle, you need to verify the email address you used during registration. Go to your Sporcle Settings to finish the process.